000 00794nam a2200289Ia 4500
001 2396
003 IT-RoPAU
008 130308s9999 xx 000 0 und d
040 _aIT-RoPAU
040 _cIT-RoPAU
041 _aITALIANO
100 _aGamba Lucia
100 _gCodice Aut. SPICS: 6297
245 _aInserimento di una educazione all'immagine nelle strutture scolastiche Italiane
245 _bCinema e Liberta'
250 _a1a ed.
260 _aROMA
260 _bCentro Cattolico Cinematografico
260 _c1967 [1° Ed.:1967 - Ed.Ling.Originale:1967]
300 _a"7 p. (prefazione: no ; testo: 7 [pagine: 326-332])"
650 _aSAGGI SUL CINEMA
650 _eCodice materia Spics: 6811
942 _cBK
957 _71
999 _c55434
_d55434
999 _bSI
999 _g1